|
|
|
|
| LEADER |
00000ckm a2200000 a 4500 |
| 001 |
vtls001244996 |
| 003 |
SK-MaSNL |
| 005 |
20260331203706.0 |
| 007 |
kf co |
| 008 |
180703s1987 xo g 0kuslo |
| 015 |
|
|
|a SNBG1987
|
| 035 |
|
|
|a SNK000195814
|
| 040 |
|
|
|a SNK
|b slo
|c SNK
|e AACR2
|
| 041 |
0 |
|
|a slo
|
| 043 |
|
|
|a e-xo---
|
| 044 |
|
|
|a xo
|c SK
|
| 072 |
|
7 |
|a 913
|x Regionálna geografia
|2 konspekt
|
| 080 |
|
|
|a 913(437.6)
|2 2011
|
| 080 |
|
|
|a 908(437.6)
|2 2011
|
| 080 |
|
|
|a 904(084.121)
|2 2011
|
| 100 |
1 |
|
|a Rudnický, Viliam,
|d 1947-
|4 pht
|9 92815
|
| 245 |
1 |
0 |
|a Blatnica
|h grafika
|c foto: V. Rudnický ; výtvarný návrh: S. Štubňa
|
| 246 |
1 |
|
|i Názov na adresnej časti:
|a Celkový pohľad na Blatnicu
|
| 246 |
1 |
|
|i Názov na adresnej časti:
|a Pamätník SNP pri obci
|
| 246 |
1 |
|
|i Názov na adresnej časti:
|a Turčianske múzeum A. Kmeťa v barokovom kaštieli
|
| 260 |
|
|
|a Bratislava
|b ČSTK-Pressfoto
|c 1987
|e Skalica
|f Grafobal
|
| 300 |
|
|
|a 1 pohľadnica (4 čiastkové pohľady)
|b farebná
|c 11 x 15 cm
|
| 500 |
|
|
|a Názvové údaje prevzaté z obrazovej časti pohľadnice
|
| 520 |
8 |
|
|a Zobrazenie:
|
| 651 |
|
7 |
|a Blatnica (Slovensko)
|2 SNKPHgeo
|9 28809
|
| 655 |
|
7 |
|a geografické pohľadnice
|2 SNKPH
|9 70522
|
| 655 |
|
7 |
|a miestne pohľadnice
|2 SNKPH
|9 70510
|
| 655 |
|
7 |
|a pohľadnice kultúrnych pamiatok
|2 SNKPH
|9 70523
|
| 700 |
1 |
|
|a Štubňa, Stanislav
|c (grafik)
|4 art
|9 283307
|
| 958 |
|
|
|a GBN
|
| 958 |
|
|
|a GC
|
| 958 |
|
|
|a OND
|
| 999 |
|
|
|c 797992
|d 799922
|
| 952 |
|
|
|a SNK
|b SNK
|y PREZ
|7 0
|p 17A1290942
|o snkSP 146728
|i snk71/92
|0 0
|1 0
|4 0
|d 2021-09-10
|l 0
|r 2026-02-24 01:58:49
|w 2026-02-24
|